Special libraries worldwide (Record no. 975768)

MARC details
000 -LEADER
fixed length control field 00787nam a2200265Ia 4500
003 - CONTROL NUMBER IDENTIFIER
control field OSt
005 - DATE AND TIME OF LATEST TRANSACTION
control field 20221005070138.0
008 - FIXED-LENGTH DATA ELEMENTS--GENERAL INFORMATION
fixed length control field 221004b |||||||| |||| 00| 0 eng d
037 ## - SOURCE OF ACQUISITION
Terms of availability Textual
040 ## - CATALOGING SOURCE
Original cataloging agency CRL
Transcribing agency CRL
Language of cataloging eng
041 ## - LANGUAGE CODE
Source of code eng
Language code of text/sound track or separate title eng
100 ## - MAIN ENTRY--PERSONAL NAME
Personal name Reichardt Gunther Ed.
9 (RLIN) 47401
245 #0 - TITLE STATEMENT
Title Special libraries worldwide
Remainder of title A collection of papers prepared for the section of special libraries
260 ## - PUBLICATION, DISTRIBUTION, ETC.
Place of publication, distribution, etc. Muncher
Name of publisher, distributor, etc. Verlag Dokumentation
Date of publication, distribution, etc. 1974
300 ## - PHYSICAL DESCRIPTION
Extent 360p
Dimensions cm.
490 ## - SERIES STATEMENT
Series statement (IFLA publication,1)
650 ## - SUBJECT ADDED ENTRY--TOPICAL TERM
Topical term or geographic name entry element SPECIAL LIBRARIES
9 (RLIN) 597190
650 ## - SUBJECT ADDED ENTRY--TOPICAL TERM
Topical term or geographic name entry element LIBRARY SCIENCE
942 ## - ADDED ENTRY ELEMENTS (KOHA)
Classification part 24z7, L4
Koha item type Textual
Source of classification or shelving scheme
Holdings
Withdrawn status Lost status Damaged status Not for loan Home library Current library Date acquired Total Checkouts Full call number Barcode Date last seen Price effective from Koha item type
        Central Library Central Library 2022-10-05   24z7 L4 CL0890178 2022-10-05 2022-10-05 Textual
Copyright @ Delhi University Library System